000 01064nam a2200265 a 4500
001 000017831
003 DO-SdBPM
005 20250609111743.0
008 100406t2002 dr 001 e spa d
020 _z9993431192
040 _aDO-SdBNP
_bspa
_cBPMSU
_e
082 4 _a928
_bL697V 2002
_222
100 1 _aVillegas, Víctor,
_d1924-
245 1 0 _aDon Mariano Lebrón Saviñón :
_bun hombre de antorchas múltiples /
_cVíctor Villegas.
260 _aSanto Domingo :
_bBiblioteca Nacional Pedro Henríquez Ureña,
_c2002.
_f
300 _a16 p. ;
_c22 cm.
490 1 _aColección Biblioteca Nacional Pedro Henríquez Ureña ;
_aBiografías y semblanzas
_v14/no. 3
500 _aPrólogo al libro "Santo Domingo en la vida de Martí y otros ensayos". Santo Domingo, BNPHU, 2000. p. 9-19.
590 _aInventariado, 2025/VM
600 1 4 _aLebrón Saviñon, Mariano
_d1922-2014
_xCrítica e interpretación
650 4 _aAutores dominicanos
651 4 _aRepública Dominicana
_xVida Intelectual
910 _aVMateo V. Control de calidad BPMSU
942 _2ddc
_cBK
999 _c15133
_d15133